000 00270nam a22001217a 4500
008 170413b xxu||||| |||| 00| 0 eng d
041 _aeng
080 _28TH
_a612.39
100 _a10
101 _aSHM
245 _aUNDERSTANDING NUTRITION
_cRHINER, M
942 _2udc
_cBK
999 _c10656
_d10656